00253nam a2200097 4500082001200000100002000012245007300032260001700105300001300122650002000135 a615 TEC aSirisena,H.S.K. aSeminar on TEchnology Applications And Approaches to Pharmaceuticals bICHEMCc2003 aMultiple aPharmaceuticals